Wake up, wake up! / (Record no. 6029)
[ view plain ]
| 000 -LEADER | |
|---|---|
| fixed length control field | 01206pam a2200349 a 4500 |
| 001 - CONTROL NUMBER | |
| control field | 6029 |
| 003 - CONTROL NUMBER IDENTIFIER | |
| control field | FISKH |
| 005 - DATE AND TIME OF LATEST TRANSACTION | |
| control field | 20250224102005.0 |
| 008 - FIXED-LENGTH DATA ELEMENTS--GENERAL INFORMATION | |
| fixed length control field | 920506r19931993caua j 000 1 eng |
| 010 ## - LIBRARY OF CONGRESS CONTROL NUMBER | |
| LC control number | 92018704 |
| 020 ## - INTERNATIONAL STANDARD BOOK NUMBER | |
| International Standard Book Number | 0152006869 (pbk) |
| 040 ## - CATALOGING SOURCE | |
| Original cataloging agency | DLC |
| Transcribing agency | DLC |
| Modifying agency | DLC |
| Language of cataloging | eng |
| 050 ## - LIBRARY OF CONGRESS CALL NUMBER | |
| Classification number | PZ7.W647 W |
| 082 ## - DEWEY DECIMAL CLASSIFICATION NUMBER | |
| Classification number | 741.5 |
| 100 1# - MAIN ENTRY--PERSONAL NAME | |
| Personal name | Wildsmith, Brian. |
| 245 10 - TITLE STATEMENT | |
| Title | Wake up, wake up! / |
| Statement of responsibility, etc. | Brian and Rebecca Wildsmith. |
| 260 ## - PUBLICATION, DISTRIBUTION, ETC. | |
| Place of publication, distribution, etc. | New York : |
| Name of publisher, distributor, etc. | Scholastic, |
| Date of publication, distribution, etc. | 1993. |
| 300 ## - PHYSICAL DESCRIPTION | |
| Extent | 20 unnumbered pages : |
| Other physical details | color illustrations ; |
| Dimensions | 16 cm |
| 500 ## - GENERAL NOTE | |
| General note | "Gulliver books." |
| 500 ## - GENERAL NOTE | |
| General note | "First published in Great Britain in 1993 by Oxford University Press--Cover p. [3]. |
| 505 ## - FORMATTED CONTENTS NOTE | |
| Formatted contents note | D<br/> |
| 520 ## - SUMMARY, ETC. | |
| Summary, etc. | The sun wakes up the rooster who crows and wakes up the goose who honks and wakes up the sheep who bleat and so on until all the farm animals wake the farmer who feeds them. |
| 521 8# - TARGET AUDIENCE NOTE | |
| Target audience note | 160<br/> |
| Source | Lexile estimate<br/> |
| 521 8# - TARGET AUDIENCE NOTE | |
| Target audience note | D<br/> |
| Source | Raz-Plus<br/> |
| 650 #1 - SUBJECT ADDED ENTRY--TOPICAL TERM | |
| Topical term or geographic name entry element | Morning |
| General subdivision | Fiction. |
| 650 #1 - SUBJECT ADDED ENTRY--TOPICAL TERM | |
| Topical term or geographic name entry element | Domestic animals |
| General subdivision | Fiction. |
| 650 #1 - SUBJECT ADDED ENTRY--TOPICAL TERM | |
| Topical term or geographic name entry element | Farm life |
| General subdivision | Fiction. |
| 700 1# - ADDED ENTRY--PERSONAL NAME | |
| Personal name | Wildsmith, Rebecca. |
| 906 ## - LOCAL DATA ELEMENT F, LDF (RLIN) | |
| a | 7 |
| b | cbc |
| c | orignew |
| d | 1 |
| e | ocip |
| f | 19 |
| g | y-gencatlg |
| 942 ## - ADDED ENTRY ELEMENTS (KOHA) | |
| Source of classification or shelving scheme | Dewey Decimal Classification |
| Koha item type | Books |
| Suppress in OPAC | No |
| Withdrawn status | Lost status | Source of classification or shelving scheme | Damaged status | Not for loan | Collection | Home library | Current library | Shelving location | Date acquired | Total Checkouts | Full call number | Barcode | Date last seen | Price effective from | Koha item type |
|---|---|---|---|---|---|---|---|---|---|---|---|---|---|---|---|
| Dewey Decimal Classification | Juvenile Fiction | Footprints International School Library Network Toul Kork Campus | Footprints International School Library Network Toul Kork Campus | TK Primary Library Room(4th Floor), Bookcase 7, Shelves 57-60, Dark Green Books | 02/24/2025 | WIL 813 PZ7.W647 W | FISTK02090 | 02/24/2025 | 02/24/2025 | Books |
